<?xml version="1.0" encoding="UTF-8"?>
<record
    xmlns:xsi="http://www.w3.org/2001/XMLSchema-instance"
    xsi:schemaLocation="http://www.loc.gov/MARC21/slim http://www.loc.gov/standards/marcxml/schema/MARC21slim.xsd"
    xmlns="http://www.loc.gov/MARC21/slim">

  <leader>01086nam a22001937a 4500</leader>
  <controlfield tag="003">OSt</controlfield>
  <controlfield tag="005">20260127155128.0</controlfield>
  <controlfield tag="008">260127b        |||||||| |||| 00| 0 eng d</controlfield>
  <datafield tag="020" ind1=" " ind2=" ">
    <subfield code="a">9789366164076</subfield>
  </datafield>
  <datafield tag="041" ind1=" " ind2=" ">
    <subfield code="a">Eng</subfield>
  </datafield>
  <datafield tag="082" ind1=" " ind2=" ">
    <subfield code="2">3rd</subfield>
    <subfield code="a">301/SRE</subfield>
  </datafield>
  <datafield tag="100" ind1=" " ind2=" ">
    <subfield code="a">SREEVANI R</subfield>
  </datafield>
  <datafield tag="245" ind1=" " ind2=" ">
    <subfield code="a">Applied Sociology for Nurses (Semester-1)</subfield>
  </datafield>
  <datafield tag="260" ind1=" " ind2=" ">
    <subfield code="a">New Delhi</subfield>
    <subfield code="b">Jaypee Brothers Medical Publishers </subfield>
    <subfield code="c">2025</subfield>
  </datafield>
  <datafield tag="300" ind1=" " ind2=" ">
    <subfield code="a">P. 260</subfield>
  </datafield>
  <datafield tag="500" ind1=" " ind2=" ">
    <subfield code="a">A comprehensive textbook compiled to meet the requirements as per revised nursing syllabus.
Written in easy-to-understand language following a lucid style.
Comprehensively covers all basic principles of sociology with nursing implications.
Well-illustrated with figures, tables and boxes making it reader friendly.
Question bank provided at the end of each chapter to improve self-evaluation and robustness in various examinations.
A life-long companion for basic nursing students and all healthcare professionals.
Serves as a resource material for those taking up examinations and career in Sociology.</subfield>
  </datafield>
  <datafield tag="610" ind1=" " ind2=" ">
    <subfield code="a">Sociology</subfield>
  </datafield>
  <datafield tag="942" ind1=" " ind2=" ">
    <subfield code="2">ddc</subfield>
    <subfield code="c">DB</subfield>
  </datafield>
  <datafield tag="999" ind1=" " ind2=" ">
    <subfield code="c">370178</subfield>
    <subfield code="d">370178</subfield>
  </datafield>
  <datafield tag="952" ind1=" " ind2=" ">
    <subfield code="0">0</subfield>
    <subfield code="1">0</subfield>
    <subfield code="2">ddc</subfield>
    <subfield code="4">0</subfield>
    <subfield code="7">0</subfield>
    <subfield code="a">SNCN</subfield>
    <subfield code="b">SNCN</subfield>
    <subfield code="d">2026-01-23</subfield>
    <subfield code="e">Donated BY Switi Kolhe</subfield>
    <subfield code="g">525.00</subfield>
    <subfield code="i">IK#2025-26#00913</subfield>
    <subfield code="l">3</subfield>
    <subfield code="o">301 SRE</subfield>
    <subfield code="p">SNCN-DB-349</subfield>
    <subfield code="q">2026-04-24</subfield>
    <subfield code="r">2026-03-30 11:00:15</subfield>
    <subfield code="s">2026-03-30</subfield>
    <subfield code="v">525.00</subfield>
    <subfield code="w">2026-01-27</subfield>
    <subfield code="y">DB</subfield>
  </datafield>
</record>
